000 00759nam a2200205Ia 4500
001 16951
003 GE_BSU
008 181216s||||||||xx |||||||||||||| ||und||
040 _cGE_BSU
080 _a821.353.1-1 + 821.353.1-11 + 82-93:821.353.1-1
100 _aაბაშიძე, გ.
245 _aრჩეული [ლექსები, პოემები და საბავშვო ლექსები]
245 _cრედ.ც. ჯაფარიძე
260 _aთბილისი
260 _bსაბჭ. საქართველო
260 _c1960
300 _a390გვ. ; 22სმ
653 _aლექსები, პოემები და საბავშვო ლექსები
942 _cBK
999 _c50013
_d50013